000 01939nam a2200313 a 4500
001 000000658
005 20250415150128.0
008 090331s2004 dr a 000 0 spa d
020 _a9993495832
020 _a9789993495833
040 _aDO-SdBNP
_bspa
_cBNPHU
082 _a306.81
_bP376s, 2004
100 1 _aPeguero Colón, Samuel
_92205
245 1 0 _aSecretos para ponerle chispa a su matrimonio /
_cSamuel Peguero Colón.
250 _a2a ed.
260 _aSanto Domingo :
_bDahiana,
_c2004.
300 _av. :
_bil. ;
_c20 cm.
490 1 _aTesoros de enriquecimiento familiar ;
_v3
500 _aLa biblioteca posee solamente el v.1
505 0 _tEquipo de asesoría técnica --
_tDedicatoria --
_tPrólogo --
_gSección 1.
_tCondición de género hombre/mujer: dramáticas realidades --
_tLa mujer. ¿Reina o esclava? --
_gSección 2.
_tLa comunicación conyugal --
_tEn busca de una comunicación positiva --
_gSección 3.
_tLa pareja y las finanzas --
_tComo administrar las finanzas del hogar --
_tEvitando y enfrentando crisis financiera --
_gSección 4.
_tLa pareja y el sexo --
_tHaciendo del acto sexual un evento más interesante --
_tAjuste y disfrute sexual en diversas circunstancias --
_gSección 5.
_tLa pareja crisis y oportunidades --
_tManifestación y origen del conflicto --
_t¿Cómo influye el orden de nacimiento en la conducta? --
_tOtros factores exógenos --
_tCómo pelear con provecho --
_gSección 6.
_tPongale chispa a su matrimonio --
_tSecretos para ponerle chispa a tu matrimonio --
_tSecretos para ponerle chispa a su matrimonio --
_tOtras obras del autor.
590 _aLa biblioteca posee un ejemplar autografiado por el autor
590 _aInventariado,2018/DG
650 0 _aMatrimonio
_9797
650 0 _aParejas
_92206
650 4 _aSexo en el matrimonio
_9804
650 4 _aRelaciones de familia
_92207
830 0 _aTesoros de enriquecimiento familiar ;
_n3
_92208
910 _aValidado. Control de calidad MFF
999 _c655
_d655